Arrêts du TER Paris-Compiègne-Saint-Quentin-Maubeuge - Statistiques

Statistiques générales
  • Ce quiz a été pris 99 fois
  • Le résultat moyen est 10 sur 36
Statistiques - réponses
Réponse % Correct
Compiègne
90%
Maubeuge
87%
Saint-Quentin
83%
Creil
69%
Paris Gare du Nord
64%
Chantilly-Gouvieux
47%
Pont-Ste-Maxence
43%
Tergnier
42%
Chauny
39%
Noyon
39%
Orry-la-Ville-Coye
31%
Aulnoye-Aymeries
26%
Thourotte
25%
Ribécourt
22%
Jaux
21%
Le Meux - Croix - St-Ouen
17%
Longueil-Ste-Marie
17%
Longueil-Annel
16%
Montescourt
14%
Villers-Saint-Paul
14%
Bohain
13%
Busigny
13%
Fresnoy-le-Grand
12%
Hautmont
12%
Louvroil
12%
Mennessis
12%
Chevrières
10%
Rieux-Angicourt
10%
Viry-Noureuil
10%
Appilly
9%
Le Cateau
9%
Sous-le-Bois
9%
Ourscamps
8%
Landrecies
6%
Ors
4%
Hachette
3%
Aucun quiz correspondant
Distribution des résultats
% des personnes avec chaque résultat
Percentile par nombre de réponses
Votre historique - résultats
Vous n’avez pas pris ce quiz